{"text_format":"3","workbook":"xlsx","n_sheets":1,"sheets":["二包（配件）"],"read":"whole","date_system":"1900"}

{"sheet":"二包（配件）","index":0,"n_rows":69,"n_cols":8,"rows_kept":69,"merged":[[68,0,68,7]]}
["序号","产品名称","货物名称及规格型号","单位","单价（元）","数量","合计","税率"]
[1,"铁丝 8#",null,"斤",{"v":3,"d":"￥3.00"},60,{"v":180,"d":"￥180.00"},{"v":0.13,"d":"13%"}]
[2,"铁丝 10#",null,"斤",{"v":3.2,"d":"￥3.20"},150,{"v":480,"d":"￥480.00"},{"v":0.13,"d":"13%"}]
[3,"铁丝 12#",null,"斤",{"v":3.4,"d":"￥3.40"},600,{"v":2040,"d":"￥2,040.00"},{"v":0.13,"d":"13%"}]
[4,"铁丝 14#",null,"斤",{"v":3.5,"d":"￥3.50"},2000,{"v":7000,"d":"￥7,000.00"},{"v":0.13,"d":"13%"}]
[5,"铁丝 16#",null,"斤",{"v":3.6,"d":"￥3.60"},100,{"v":360,"d":"￥360.00"},{"v":0.13,"d":"13%"}]
[6,"铁丝 18#",null,"斤",{"v":3.8,"d":"￥3.80"},50,{"v":190,"d":"￥190.00"},{"v":0.13,"d":"13%"}]
[7,"扎丝",null,"斤",{"v":3.8,"d":"￥3.80"},50,{"v":190,"d":"￥190.00"},{"v":0.13,"d":"13%"}]
[8,"老虎刺","100 米/卷","卷",{"v":80,"d":"￥80.00"},5,{"v":400,"d":"￥400.00"},{"v":0.13,"d":"13%"}]
[9,"铁锹（含柄）",null,"把",{"v":28,"d":"￥28.00"},50,{"v":1400,"d":"￥1,400.00"},{"v":0.13,"d":"13%"}]
[10,"软钢丝吊绳","6吨/6米/20毫米/根","根",{"v":240,"d":"￥240.00"},1,{"v":240,"d":"￥240.00"},{"v":0.13,"d":"13%"}]
[11,"软钢丝吊绳","10吨8米/25毫米/根","根",{"v":320,"d":"￥320.00"},1,{"v":320,"d":"￥320.00"},{"v":0.13,"d":"13%"}]
[12,"钢丝吊绳接扣","6吨/套","套",{"v":300,"d":"￥300.00"},2,{"v":600,"d":"￥600.00"},{"v":0.13,"d":"13%"}]
[13,"钢丝吊绳接扣","10吨/套","套",{"v":420,"d":"￥420.00"},2,{"v":840,"d":"￥840.00"},{"v":0.13,"d":"13%"}]
[14,"紧绳器","5cm/10 米/根","根",{"v":55,"d":"￥55.00"},10,{"v":550,"d":"￥550.00"},{"v":0.13,"d":"13%"}]
[15,"大树吊绳3吨（圆形）","3 米/根","根",{"v":85,"d":"￥85.00"},30,{"v":2550,"d":"￥2,550.00"},{"v":0.13,"d":"13%"}]
[16,"大树吊绳5吨（圆形）","4 米/根","根",{"v":220,"d":"￥220.00"},10,{"v":2200,"d":"￥2,200.00"},{"v":0.13,"d":"13%"}]
[17,"大树吊绳6吨（圆形）","5 米/根","根",{"v":280,"d":"￥280.00"},2,{"v":560,"d":"￥560.00"},{"v":0.13,"d":"13%"}]
[18,"大树吊绳8吨（圆形）","6 米/根","根",{"v":400,"d":"￥400.00"},2,{"v":800,"d":"￥800.00"},{"v":0.13,"d":"13%"}]
[19,"滑石粉","15 斤/袋","袋",{"v":8,"d":"￥8.00"},300,{"v":2400,"d":"￥2,400.00"},{"v":0.13,"d":"13%"}]
[20,"大树渗水透气施肥管 PE","70mm*75mm/根","根",{"v":11,"d":"￥11.00"},200,{"v":2200,"d":"￥2,200.00"},{"v":0.13,"d":"13%"}]
[21,"保温保湿带单层","长20m*宽12.5cm/卷","卷",{"v":6,"d":"￥6.00"},200,{"v":1200,"d":"￥1,200.00"},{"v":0.13,"d":"13%"}]
[22,"裹树塑料薄膜","1 米 *100米/卷","卷",{"v":30,"d":"￥30.00"},300,{"v":9000,"d":"￥9,000.00"},{"v":0.13,"d":"13%"}]
[23,"扶树尼龙绳子",null,"斤",{"v":15,"d":"￥15.00"},50,{"v":750,"d":"￥750.00"},{"v":0.13,"d":"13%"}]
[24,"安全锥筒","800mm*45mm/个","个",{"v":20,"d":"￥20.00"},500,{"v":10000,"d":"￥10,000.00"},{"v":0.13,"d":"13%"}]
[25,"反光绿化服（含印字）",null,"件",{"v":25,"d":"￥25.00"},500,{"v":12500,"d":"￥12,500.00"},{"v":0.13,"d":"13%"}]
[26,"安全带（双肩型）",null,"套",{"v":58,"d":"￥58.00"},50,{"v":2900,"d":"￥2,900.00"},{"v":0.13,"d":"13%"}]
[27,"加厚带膜保温保湿带","长 20m*宽12.5cm/卷","卷",{"v":8,"d":"￥8.00"},100,{"v":800,"d":"￥800.00"},{"v":0.13,"d":"13%"}]
[28,"草绳","50 米/卷","卷",{"v":7,"d":"￥7.00"},2000,{"v":14000,"d":"￥14,000.00"},{"v":0.09,"d":"9%"}]
[29,"树木支撑桩","直径8cm*长3米/根","根",{"v":9,"d":"￥9.00"},12000,{"v":108000,"d":"￥108,000.00"},{"v":0.09,"d":"9%"}]
[30,"稻壳","20 斤/袋","袋",{"v":20,"d":"￥20.00"},2000,{"v":40000,"d":"￥40,000.00"},{"v":0.09,"d":"9%"}]
[31,"软草耙",null,"把",{"v":45,"d":"￥45.00"},5,{"v":225,"d":"￥225.00"},{"v":0.13,"d":"13%"}]
[32,"硬草耙",null,"把",{"v":60,"d":"￥60.00"},10,{"v":600,"d":"￥600.00"},{"v":0.13,"d":"13%"}]
[33,"彩色木屑","50L/袋","袋",{"v":55,"d":"￥55.00"},50,{"v":2750,"d":"￥2,750.00"},{"v":0.13,"d":"13%"}]
[34,"灭蝇笼",null,"只",{"v":20,"d":"￥20.00"},100,{"v":2000,"d":"￥2,000.00"},{"v":0.13,"d":"13%"}]
[35,"3.0 打草绳","1 斤/装","装",{"v":40,"d":"￥40.00"},50,{"v":2000,"d":"￥2,000.00"},{"v":0.13,"d":"13%"}]
[36,"进口打草绳","86 米/卷","卷",{"v":100,"d":"￥100.00"},30,{"v":3000,"d":"￥3,000.00"},{"v":0.13,"d":"13%"}]
[37,"加厚防水迷彩裤",null,"套",{"v":95,"d":"￥95.00"},20,{"v":1900,"d":"￥1,900.00"},{"v":0.13,"d":"13%"}]
[38,"300升打药机进水管","1 米/根","根",{"v":45,"d":"￥45.00"},5,{"v":225,"d":"￥225.00"},{"v":0.13,"d":"13%"}]
[39,"柴油塑料桶","25 升/只","只",{"v":35,"d":"￥35.00"},30,{"v":1050,"d":"￥1,050.00"},{"v":0.13,"d":"13%"}]
[40,"10L 汽油桶",null,"只",{"v":35,"d":"￥35.00"},20,{"v":700,"d":"￥700.00"},{"v":0.13,"d":"13%"}]
[41,"20L 汽油桶",null,"只",{"v":65,"d":"￥65.00"},10,{"v":650,"d":"￥650.00"},{"v":0.13,"d":"13%"}]
[42,"30L 汽油桶",null,"个",{"v":75,"d":"￥75.00"},3,{"v":225,"d":"￥225.00"},{"v":0.13,"d":"13%"}]
[43,"遮阳网 8 米*50 米","400 平方/卷","卷",{"v":680,"d":"￥680.00"},50,{"v":34000,"d":"￥34,000.00"},{"v":0.13,"d":"13%"}]
[44,"遮阳网 4 米*50 米","200 平方/卷","卷",{"v":400,"d":"￥400.00"},200,{"v":80000,"d":"￥80,000.00"},{"v":0.13,"d":"13%"}]
[45,"遮阳网 3 米*50 米","150 平方/卷","卷",{"v":300,"d":"￥300.00"},200,{"v":60000,"d":"￥60,000.00"},{"v":0.13,"d":"13%"}]
[46,"遮阳网 2米*100米","200 平方/卷","卷",{"v":400,"d":"￥400.00"},200,{"v":80000,"d":"￥80,000.00"},{"v":0.13,"d":"13%"}]
[47,"手推劳动车",null,"辆",{"v":260,"d":"￥260.00"},1,{"v":260,"d":"￥260.00"},{"v":0.13,"d":"13%"}]
[48,"割草机启动绳",null,"根",{"v":10,"d":"￥10.00"},20,{"v":200,"d":"￥200.00"},{"v":0.13,"d":"13%"}]
[49,"防水彩条布","6米 *50米/卷","卷",{"v":380,"d":"￥380.00"},10,{"v":3800,"d":"￥3,800.00"},{"v":0.13,"d":"13%"}]
[50,"标准薄膜大鹏成型管","8.3 米/根","根",{"v":18,"d":"￥18.00"},100,{"v":1800,"d":"￥1,800.00"},{"v":0.13,"d":"13%"}]
[51,"绿化四针防尘网（绿色）","8 米 *50米/卷","卷",{"v":100,"d":"￥100.00"},200,{"v":20000,"d":"￥20,000.00"},{"v":0.13,"d":"13%"}]
[52,"吊树夹板","1.2 米/根","根",{"v":3,"d":"￥3.00"},1000,{"v":3000,"d":"￥3,000.00"},{"v":0.13,"d":"13%"}]
[53,"四米毛竹梯",null,"把",{"v":180,"d":"￥180.00"},20,{"v":3600,"d":"￥3,600.00"},{"v":0.13,"d":"13%"}]
[54,"五米毛竹梯",null,"把",{"v":200,"d":"￥200.00"},10,{"v":2000,"d":"￥2,000.00"},{"v":0.13,"d":"13%"}]
[55,"六米毛竹梯",null,"把",{"v":220,"d":"￥220.00"},10,{"v":2200,"d":"￥2,200.00"},{"v":0.13,"d":"13%"}]
[56,"仿真加密加厚草坪（阻燃）","15mm/ 平方","平方",{"v":260,"d":"￥260.00"},50,{"v":13000,"d":"￥13,000.00"},{"v":0.13,"d":"13%"}]
[57,"仿真加密加厚草坪（阻燃）","20mm/ 平方","平方",{"v":900,"d":"￥900.00"},30,{"v":27000,"d":"￥27,000.00"},{"v":0.13,"d":"13%"}]
[58,"垃圾桶内胆","30*43/只","只",{"v":55,"d":"￥55.00"},10,{"v":550,"d":"￥550.00"},{"v":0.13,"d":"13%"}]
[59,"麻袋","130cm*100cm/个","个",{"v":1.5,"d":"￥1.50"},2000,{"v":3000,"d":"￥3,000.00"},{"v":0.13,"d":"13%"}]
[60,"扫雪机百立通化油器",null,"只",{"v":380,"d":"￥380.00"},3,{"v":1140,"d":"￥1,140.00"},{"v":0.13,"d":"13%"}]
[61,"竹杆子","5 米/根","根",{"v":100,"d":"￥100.00"},200,{"v":20000,"d":"￥20,000.00"},{"v":0.13,"d":"13%"}]
[62,"小彩旗","40 米/袋","袋",{"v":15,"d":"￥15.00"},300,{"v":4500,"d":"￥4,500.00"},{"v":0.13,"d":"13%"}]
[63,"园艺地布","宽 1.5m/ 平方","平方",{"v":5,"d":"￥5.00"},100,{"v":500,"d":"￥500.00"},{"v":0.13,"d":"13%"}]
[64,"园艺地布","宽 2m/ 平方","平方",{"v":6,"d":"￥6.00"},100,{"v":600,"d":"￥600.00"},{"v":0.13,"d":"13%"}]
[65,"绿化隔离带","10cm/米","米",{"v":2.5,"d":"￥2.50"},300,{"v":750,"d":"￥750.00"},{"v":0.13,"d":"13%"}]
[66,"绿化隔离带","15cm/米","米",{"v":3,"d":"￥3.00"},300,{"v":900,"d":"￥900.00"},{"v":0.13,"d":"13%"}]
[67,"绿化隔离带","20cm/米","米",{"v":4,"d":"￥4.00"},200,{"v":800,"d":"￥800.00"},{"v":0.13,"d":"13%"}]
["合计：¥603575"]